|
|
|
|
| LEADER |
02336nam a2200601 a 4500 |
| 001 |
nkc20071759554 |
| 003 |
CZ PrNK |
| 005 |
20190916235016.0 |
| 007 |
ta |
| 008 |
071018s2007 xr e 010 0 cze |
| 015 |
|
|
|a cnb001759554
|
| 020 |
|
|
|a 978-80-7239-208-7
|q (brož.)
|
| 035 |
|
|
|a (OCoLC)190753915
|
| 040 |
|
|
|a ABA001
|b cze
|
| 043 |
|
|
|a e-xr---
|
| 045 |
|
|
|a w-x-
|
| 072 |
|
7 |
|a 930
|x Historická věda. Pomocné vědy historické. Archivnictví
|2 Konspekt
|9 8
|
| 080 |
|
|
|a 930-051
|2 MRF
|
| 080 |
|
|
|a 32(091)
|2 MRF
|
| 080 |
|
|
|a 32:1
|2 MRF
|
| 080 |
|
|
|a 94(437.1)
|2 MRF
|
| 080 |
|
|
|a (082)
|2 MRF
|
| 080 |
|
|
|a (082.2)
|2 MRF
|
| 080 |
|
|
|a (01)
|2 MRF
|
| 245 |
0 |
0 |
|a Nezapomenuté historie :
|b sborník k 70. narozeninám Františka Svátka /
|c Zbyněk Machát, Ondřej Slačálek, Milan Znoj (eds.)
|
| 250 |
|
|
|a 1. vyd.
|
| 260 |
|
|
|a Brno :
|b Doplněk,
|c 2007
|
| 300 |
|
|
|a 237 s. ;
|c 21 cm
|
| 504 |
|
|
|a Obsahuje bibliografii a bibliografické odkazy
|
| 600 |
1 |
7 |
|a Svátek, František,
|d 1936-
|7 jn19990209815
|2 czenas
|
| 648 |
|
7 |
|a 19.-20. století
|7 ch757015
|2 czenas
|
| 648 |
|
7 |
|a 20. století
|7 ch460558
|2 czenas
|
| 650 |
0 |
7 |
|a historici
|7 ph114665
|z Česko
|y 20. století
|2 czenas
|
| 650 |
0 |
7 |
|a politické dějiny
|7 ph311269
|y 19.-20. století
|2 czenas
|
| 650 |
0 |
7 |
|a politická filozofie
|7 ph115786
|y 19.-20. století
|2 czenas
|
| 650 |
0 |
9 |
|a historians
|z Czechia
|y 20th century
|2 eczenas
|
| 650 |
0 |
9 |
|a political history
|y 19th-20th centuries
|2 eczenas
|
| 650 |
0 |
9 |
|a political philosophy
|y 19th-20th centuries
|2 eczenas
|
| 651 |
|
7 |
|a Česko
|7 ge128065
|x dějiny
|y 19.-20. století
|2 czenas
|
| 651 |
|
9 |
|a Czechia
|x history
|y 19th-20th centuries
|2 eczenas
|
| 655 |
|
7 |
|a sborníky
|7 fd163935
|2 czenas
|
| 655 |
|
7 |
|a jubilejní publikace
|7 fd131839
|2 czenas
|
| 655 |
|
9 |
|a miscellanea
|2 eczenas
|
| 655 |
|
9 |
|a jubilee books
|2 eczenas
|
| 700 |
1 |
|
|a Machát, Zbyněk
|7 jx20071030050
|4 edt
|
| 700 |
1 |
|
|a Slačálek, Ondřej,
|d 1982-
|7 mzk2006324261
|4 edt
|
| 700 |
1 |
|
|a Znoj, Milan,
|d 1952-
|7 jn20000402756
|4 edt
|
| 856 |
4 |
1 |
|u http://www.digitalniknihovna.cz/mzk/uuid/uuid:fdb0de20-6039-11e9-ace0-005056827e51
|y Digitalizovaný dokument
|x NDK
|
| 910 |
2 |
|
|a BOA001
|b 2-1194.534
|
| 990 |
|
|
|a BK
|
| 995 |
|
|
|a 01
|
| 991 |
|
|
|b 200711
|c NOV
|
| 996 |
6 |
|
|b 2610324880
|c 2-1194.534
|l MZK
|r Sklad / do 1 hodiny
|n 9
|p p.v.
|w 000875403
|u 000010
|a 1
|e BOA001
|j MZK50
|s P
|